01597nam a2200397 a 4500001001200000003000800012006001900020007001500039008004100054010001700095020004300112020002700155040002100182035002100203050002400224082001900248245009500267250001200362260006200374300003100436490003700467504006600504505006500570533015200635650004200787650003200829650002400861650003100885655002900916700002200945700002200967710001700989830005001006856012601056999001701182ebr10642221CaPaEBRm u cr cn|||||||||110608s2012 pauab sb 001 0 eng d z 2011024487 z9780812243840 (hardcover : alk. paper) z9780812208054 (e-book) aCaPaEBRcCaPaEBR a(OCoLC)82173557514aHT166b.G577 2012eb04a307.3/420922300aGlobal downtownsh[electronic resource] /cedited by Marina Peterson and Gary W. McDonogh. a1st ed. aPhiladelphia :bUniversity of Pennsylvania Press,cc2012. avii, 360 p. :bill., maps.1 aCity in the twenty-first century aIncludes bibliographical references (p. [311]-343) and index.0 apt. 1. Imagination -- pt. 2. Consumption -- pt. 3. Conflict. aElectronic reproduction.bPalo Alto, Calif. :cebrary,d2013.nAvailable via World Wide Web.nAccess may be limited to ebrary affiliated libraries. 0aCity planningxHistoryy20th century. 0aCentral business districts. 0aUrban anthropology. 0aCulture and globalization. 7aElectronic books.2local1 aMcDonogh, Gary W.1 aPeterson, Marina.2 aebrary, Inc. 0aCity in the twenty-first century book series.40uhttp://site.ebrary.com/lib/rucke/Doc?id=10642221zAn electronic book accessible through the World Wide Web; click to view c32047d32047